00000000nam##2200000za#4500
0019.530350
003CaOODSP
00520200331230157
007ta
008150406|1998||||xxc|||||     f|0| 0 eng|d
020 |a0-660-60482-5
040 |aCaOODSP|beng
041 |aeng
041 |afre
043 |an-cn---
0861 |aBT31-2/1999-III-56
1101 |aCanada. |bTreasury Board.
24510|aFisheries and Oceans
260 |aOttawa - Ontario : |bTreasury Board of Canada Secretariat |c1998.
300 |aEnglish text, 68p. : |bfigs., organization chart, tables ; |c28 cm.
4901 |a1998-99 estimates, part III: Report on plans and priorities
546 |aBilingual
563 |aSoftcover
590 |a98-14|b1998-04-03
7760#|tFisheries and Oceans Canada, 1998-99 estimates, a report on plans and priorities |w(CaOODSP)9.567657
7760#|tPêches et Océans Canada, 1998-1999 budget des dépenses, un rapport sur les plans et les priorités |w(CaOODSP)9.598987
792 |tPêches et Océans |efre|w(CaOODSP)9.530351
830#0|a1998-99 estimates, part III: Report on plans and priorities.|w(CaOODSP)9.508960